[Event "Morava-ch U14"]
[Site "Bystrice nad Pernstejnem"]
[Date "2024.10.29"]
[Round "5"]
[White "Kozdon, Marek"]
[Black "Keprt, Dominik"]
[Result "1-0"]
[WhiteElo "1708"]
[BlackElo "1487"]
[PlyCount "71"]
[EventDate "2024.10.26"]
[EventType "swiss"]
[EventRounds "9"]
[EventCountry "CZE"]
[SourceTitle "CB45_2024"]
[Source "ChessBase"]
[SourceDate "2024.11.06"]
[SourceVersion "1"]
[SourceVersionDate "2024.11.06"]
[SourceQuality "1"]

1. d4 d5 2. c4 e6 3. cxd5 exd5 4. Nc3 Nf6 5. Bg5 Be7 6. e3 0-0 7. Bd3 c6 8. Qc2 h6 9. Bh4 Re8 10. Nf3 Bg4 11. Ne5 Nbd7 12. h3 Be6 13. f4 Nxe5 14. fxe5 Nd7 15. Bxe7 Qxe7 16. 0-0 Qg5 17. Rf3 Rf8 18. Raf1 f6 19. exf6 Rxf6 20. Rxf6 Nxf6 21. Rf3 b5 22. Ne2 Bd7 23. Rg3 Qh4 24. Qc1 Ne4 25. Bxe4 Qxe4 26. Nf4 Be8 27. Qd1 Kh7 28. Nd3 Bg6 29. Ne5 Be8 30. Qg4 g5 31. Qe6 Qb1+ 32. Kh2 Qxa2 33. Rf3 Qa6 34. Qe7+ Bf7 35. Qxf7+ Kh8 36. Ng6# 1-0

[Event "Morava-ch U14"]
[Site "Bystrice nad Pernstejnem"]
[Date "2024.10.28"]
[Round "3"]
[White "Horkovyi, Mykyta"]
[Black "Keprt, Dominik"]
[Result "0-1"]
[WhiteElo "1703"]
[BlackElo "1487"]
[PlyCount "136"]
[EventDate "2024.10.26"]
[EventType "swiss"]
[EventRounds "9"]
[EventCountry "CZE"]
[SourceTitle "CB45_2024"]
[Source "ChessBase"]
[SourceDate "2024.11.06"]
[SourceVersion "1"]
[SourceVersionDate "2024.11.06"]
[SourceQuality "1"]

1. e4 c6 2. d4 d5 3. exd5 cxd5 4. Nf3 Nc6 5. Bd3 Bg4 6. c3 e6 7. Nbd2 Nf6 8. Qa4 Qd7 9. Bb5 Bd6 10. 0-0 Bxf3 11. Nxf3 Qc7 12. Ne5 Bxe5 13. dxe5 Nd7 14. f4 a6 15. Be3 0-0 16. Bd3 b5 17. Qc2 g6 18. Qf2 Qd8 19. Qg3 Kg7 20. Qf3 f5 21. c4 bxc4 22. Bxc4 Ncxe5 23. fxe5 dxc4 24. Qc6 Nxe5 25. Qxe6 Re8 26. Qb6 Qxb6 27. Bxb6 Nd3 28. Bd4+ Kg8 29. Rfd1 Red8 30. Bc3 Rab8 31. Kf1 Kf7 32. Ke2 Re8+ 33. Kf3 Re4 34. b3 Rbe8 35. g3 Re3+ 36. Kg2 Nf4+ 37. gxf4 Rxc3 38. bxc4 Rxc4 39. Rd7+ Re7 40. Rd6 a5 41. Rad1 Rxf4 42. R1d2 h5 43. Ra6 a4 44. h3 Re6 45. Rd7+ Kf6 46. Raa7 Kg5 47. Rd2 Rfe4 48. Kf2 Kh4 49. Rad7 Kxh3 50. R7d3+ Kh4 51. Kf3 Rg4 52. Rd4 Ree4 53. R4d3 Ref4+ 54. Ke3 Kg5 55. Rd6 h4 56. Rh2 Rg3+ 57. Ke2 h3 58. Rd2 Rg2+ 59. Ke1 Rxh2 60. Rxh2 Kh4 61. a3 g5 62. Rf2 Rxf2 63. Kxf2 Kg4 64. Kg1 Kf3 65. Kh2 g4 66. Kh1 Ke2 67. Kh2 Kd2 68. Kg3 Kc3 0-1

[Event "Morava-ch U14"]
[Site "Bystrice nad Pernstejnem"]
[Date "2024.10.27"]
[Round "2"]
[White "Keprt, Dominik"]
[Black "Prikryl, Daniel"]
[Result "1-0"]
[WhiteElo "1487"]
[BlackElo "1406"]
[PlyCount "55"]
[EventDate "2024.10.26"]
[EventType "swiss"]
[EventRounds "9"]
[EventCountry "CZE"]
[SourceTitle "CB45_2024"]
[Source "ChessBase"]
[SourceDate "2024.11.06"]
[SourceVersion "1"]
[SourceVersionDate "2024.11.06"]
[SourceQuality "1"]

1. e4 e5 2. Nf3 Nc6 3. Bc4 Nf6 4. d3 Bc5 5. Bg5 d6 6. h3 Be6 7. Bb3 h6 8. Bh4 g5 9. Bg3 Qd7 10. Nc3 0-0-0 11. Qd2 Nd4 12. Nxd4 Bxd4 13. 0-0-0 Bxb3 14. axb3 Qc6 15. f3 Qb6 16. Rde1 Nh5 17. Nd5 Qa6 18. c3 Bxc3 19. Qxc3 Rd7 20. Bf2 c6 21. Nb4 Qb5 22. Qc4 Qa5 23. Kd2 Rc7 24. Ra1 Qb5 25. Qxb5 cxb5 26. Nd5 Rd7 27. Rxa7 Kb8 28. Rha1 1-0